<?xml version="1.0" encoding="UTF-8"?><record xmlns="http://www.loc.gov/MARC21/slim" xmlns:zs="http://docs.oasis-open.org/ns/search-ws/sruResponse">
  <leader>02460cam a22004211  4500</leader>
  <controlfield tag="001">9216846</controlfield>
  <controlfield tag="005">20250608040711.0</controlfield>
  <controlfield tag="007">cr |||||||||||</controlfield>
  <controlfield tag="008">820714s1930    caufh         000 0 eng  </controlfield>
  <datafield ind1=" " ind2=" " tag="035">
    <subfield code="a">9216846</subfield>
  </datafield>
  <datafield ind1=" " ind2=" " tag="906">
    <subfield code="a">7</subfield>
    <subfield code="b">cbc</subfield>
    <subfield code="c">premver</subfield>
    <subfield code="d">u</subfield>
    <subfield code="e">ncip</subfield>
    <subfield code="f">19</subfield>
    <subfield code="g">y-gencatlg</subfield>
  </datafield>
  <datafield ind1=" " ind2=" " tag="010">
    <subfield code="a">   30032740 </subfield>
  </datafield>
  <datafield ind1=" " ind2=" " tag="035">
    <subfield code="9">(DLC)   30032740</subfield>
  </datafield>
  <datafield ind1=" " ind2=" " tag="040">
    <subfield code="a">DLC</subfield>
    <subfield code="c">CarP</subfield>
    <subfield code="d">DLC</subfield>
  </datafield>
  <datafield ind1=" " ind2=" " tag="043">
    <subfield code="a">n-us-ca</subfield>
  </datafield>
  <datafield ind1="0" ind2="0" tag="050">
    <subfield code="a">F865</subfield>
    <subfield code="b">.P61</subfield>
  </datafield>
  <datafield ind1="1" ind2=" " tag="100">
    <subfield code="a">Pierce, Hiram Dwight,</subfield>
    <subfield code="d">1810-</subfield>
  </datafield>
  <datafield ind1="1" ind2="2" tag="245">
    <subfield code="a">A forty-niner speaks;</subfield>
    <subfield code="b">a chronological record of a New Yorker and his adventures in various mining localities in California, his return trip across Nicaragua, including several descriptions of the changes in San Francisco and other mining centers from March 1849 to January 1851.</subfield>
    <subfield code="c">With illustrations by the author Hiram Dwight Pierce.</subfield>
  </datafield>
  <datafield ind1=" " ind2=" " tag="260">
    <subfield code="a">[Oakland, Calif.,</subfield>
    <subfield code="b">Keystone-Inglett printing co.,</subfield>
    <subfield code="c">1930]</subfield>
  </datafield>
  <datafield ind1=" " ind2=" " tag="300">
    <subfield code="a">1 p.l., [5]-74 p.</subfield>
    <subfield code="b">front., pl. facsim.</subfield>
    <subfield code="c">23 cm.</subfield>
  </datafield>
  <datafield ind1=" " ind2=" " tag="500">
    <subfield code="a">Introduction signed, Sarah Wiswall Meyer.</subfield>
  </datafield>
  <datafield ind1=" " ind2=" " tag="520">
    <subfield code="a">Hiram Dwight Pierce (b. 1810) was a successful blacksmith in Troy, New York, when news arrived of gold discoveries in California. Leaving his wife and seven children behind, Pierce set out in March 1849, crossing the Isthmus to reach San Francisco. A forty-niner speaks (1930) prints the contents of notebooks kept by Pierce from the day he left Troy until his return in January 1851. He describes his journey west and work in the gold fields near Sacramento, the Stanislas mines, and the Merced River at Washington Flat, until his return home via Panama. Pierce offers an excellent account of the details of a prospector's life and the organization of miners' camps as business companies and local government units.</subfield>
  </datafield>
  <datafield ind1=" " ind2=" " tag="530">
    <subfield code="a">Also available in digital form.</subfield>
  </datafield>
  <datafield ind1=" " ind2=" " tag="540">
    <subfield code="a">No known restrictions on publication. No copyright renewal found.</subfield>
  </datafield>
  <datafield ind1=" " ind2="0" tag="650">
    <subfield code="a">Voyages to the Pacific coast.</subfield>
  </datafield>
  <datafield ind1=" " ind2="0" tag="650">
    <subfield code="a">Law</subfield>
    <subfield code="x">Political aspects</subfield>
    <subfield code="z">California.</subfield>
  </datafield>
  <datafield ind1=" " ind2="0" tag="650">
    <subfield code="a">Business</subfield>
    <subfield code="z">California.</subfield>
  </datafield>
  <datafield ind1=" " ind2="0" tag="651">
    <subfield code="a">California</subfield>
    <subfield code="x">Gold discoveries.</subfield>
  </datafield>
  <datafield ind1="1" ind2=" " tag="700">
    <subfield code="a">Meyer, Sarah Wiswall.</subfield>
  </datafield>
  <datafield ind1="4" ind2="1" tag="856">
    <subfield code="d">gdcscd</subfield>
    <subfield code="f">00020368846</subfield>
    <subfield code="u">https://hdl.loc.gov/loc.gdc/gdcscd.00020368846</subfield>
  </datafield>
  <datafield ind1="4" ind2="1" tag="856">
    <subfield code="d">calbk</subfield>
    <subfield code="f">180</subfield>
    <subfield code="q">t</subfield>
    <subfield code="u">http://hdl.loc.gov/loc.gdc/calbk.180</subfield>
  </datafield>
  <datafield ind1=" " ind2=" " tag="985">
    <subfield code="a">gdc/scd</subfield>
  </datafield>
  <datafield ind1=" " ind2=" " tag="985">
    <subfield code="a">gdc/gdcdigbooks</subfield>
  </datafield>
  <datafield ind1=" " ind2=" " tag="985">
    <subfield code="a">gc/calbk</subfield>
    <subfield code="e">ammem</subfield>
  </datafield>
  <datafield ind1=" " ind2=" " tag="985">
    <subfield code="a">pmpull</subfield>
    <subfield code="e">ammem</subfield>
  </datafield>
  <datafield ind1=" " ind2=" " tag="985">
    <subfield code="f">ca11</subfield>
  </datafield>
  <datafield ind1=" " ind2=" " tag="991">
    <subfield code="b">c-GenColl</subfield>
    <subfield code="h">F865</subfield>
    <subfield code="i">.P61</subfield>
    <subfield code="t">Copy 1</subfield>
    <subfield code="w">PREM</subfield>
  </datafield>
  <datafield ind1=" " ind2=" " tag="991">
    <subfield code="b">c-GenColl</subfield>
    <subfield code="h">F865</subfield>
    <subfield code="i">.P61</subfield>
    <subfield code="p">00020368846</subfield>
    <subfield code="t">Copy 2</subfield>
    <subfield code="w">CCF</subfield>
  </datafield>
</record>
